Kosovo - v Kosove, Kosovčan, Kosovčanka, kosovský

Bibliographic Details
Main Author: Považaj, Matej, 1942- (Author)
Format: Article
Language:Slovak
ISSN:0023-5202
Subjects:

MARC

LEADER 00000nab a2200000 a 4500
001 vtls009467419
003 SK-MaSNL
005 20260304153941.0
008 250507c2008 xo |||||| | ||00 b|slo
015 |a SNBRB2009/01  |2 snkbucl 
035 |a (uuid)7711e839-3bcf-489b-af9c-b0e24532d2fc 
035 |a urn:nbn:sk:snk-ab1n2f 
035 |a (urnnbn)urn:nbn:sk:snk:ar-004l2b 
038 |a SNKBUCL 
040 |a SNKBUCL  |b slo  |c SNKBUCL  |e AACR2 
041 0 |a slo 
044 |a xo  |c SK 
080 |a 811.162.4'373.21:81'373.45  |2 2001 
080 |a 81'373.45:811.162.4  |2 2001 
080 |a 811.162.4'373.45  |2 2001 
080 |a 81'373.611:811.162.4  |2 2001 
080 |a 811.162.4'373.611  |2 2001 
100 1 |a Považaj, Matej,  |d 1942-  |4 aut  |9 86590 
245 1 0 |a Kosovo - v Kosove, Kosovčan, Kosovčanka, kosovský  |c Matej Považaj 
650 0 7 |a slovenčina  |2 snkbucl  |9 1350 
650 0 7 |a cudzie toponymá  |2 snkbucl  |9 112510 
650 0 7 |a Kosovo (lexéma)  |2 snkbucl  |9 1478038 
650 0 7 |a cudzie obyvateľské mená  |2 snkbucl  |9 16803 
773 0 |t Kultúra slova  |g Roč. 42, č. 1 (2008), s. 59-60  |x 0023-5202 
850 |a Slovenská národná knižnica 
852 |a Slovenská národná knižnica 
954 |a odborná, vedecká literatúra pôvodná (slovenská)  |2 lita 
958 |a article27 
958 |a OND 
958 |a EUIPO 
999 |c 2955648  |d 2957578